| 000 | 00575nam a22001937a 4500 | ||
|---|---|---|---|
| 003 | OSt | ||
| 005 | 20260425033708.0 | ||
| 008 | 260425b |||||||| |||| 00| 0 eng d | ||
| 020 | _a0-582-40519-x | ||
| 040 |
_aDWCL-Main lib. _cOC |
||
| 082 |
_28th ed. _aCirc. 621.38 H874e 2002 |
||
| 100 | _aHughes, Edward | ||
| 245 |
_aHughes electrical and electronic technology/ _cEdward Hughes |
||
| 250 | _a8th ed. | ||
| 260 |
_aEngland : _b Prentice-Hall, _cc2002 |
||
| 300 |
_axv, 896 pages ; _c 25 cm. |
||
| 504 | _aIncluds index. | ||
| 942 |
_2ddc _cBK-CIRC _e8th ed. _hCirc. _n0 |
||
| 999 |
_c9893 _d9893 |
||